000 00411nam a2200169Ia 4500
008 210210b1899 xxu||||| |||| 00| 0 eng d
041 _aeng
082 _a821/678
100 _aTHACKERAY (W M)
245 _aBallads and miscellanies
260 _aLondon
_bSmith Elder and Company
_c1899
650 _amiscellanies
650 _aBallads
650 _aand
690 _aEnglish Literature
906 _a011846
999 _c130564
_d130564